| 000 | 00993nam a2200289 a 4500 | ||
|---|---|---|---|
| 005 | 20191224041559.0 | ||
| 008 | 140227b1998 mx bd | |||| 00| 0 spa d | ||
| 020 | _a9586990055 | ||
| 040 |
_aCO-BoIAVH _cCO-BoIAVH |
||
| 041 | 1 |
_aspa _heng |
|
| 044 | _amx | ||
| 082 | 0 | 4 |
_a333.72 _bW77h |
| 100 | 1 | _aWinograd, Manuel | |
| 245 | 1 | 0 |
_aHerramientas para la toma de decisiones en América Latina y el Caribe _bindicadores ambientales y sistemas de información geográfica |
| 246 | _aTools for making decisions in Latin America and the Carib | ||
| 260 |
_aCali : _bCIAT : _bPNUMA, _c1998. |
||
| 300 |
_a63 páginas : _bmapas, tablas ; _c28 x 21 cm. |
||
| 650 | 6 | _aIndicadores ambientales | |
| 650 | _aSistemas de información geográfica | ||
| 650 | 6 | _aUso del suelo | |
| 650 | 6 | _aEcosistemas | |
| 662 | _cAmérica Latina | ||
| 662 | _cIslas del Caribe | ||
| 700 | 1 | _aFernández, R. Norberto | |
| 700 | 1 | _aFarrow, Andrew | |
| 942 |
_cLIBRO _2ddc |
||
| 999 |
_c1317 _d1317 |
||